000
00327nam a22001457a 4500
008
210609b ||||| |||| 00| 0 eng d
020
_a
9781593631659
041
_a
eng
080
_a
82
082
_a
82
100
_a
21
101
_a
GJL
245
_a
Language arts for Gifted Students
_c
Susan K. Johnsen
942
_2
udc
_c
BK
999
_c
58108
_d
58108